[Event "PRO League Group Stage"]
[Site "chess.com INT"]
[Date "2019.03.14"]
[Round "10"]
[White "Oparin, Grigoriy"]
[Black "Sjugirov, Sanan"]
[Result "0-1"]
[WhiteTitle "GM"]
[BlackTitle "GM"]
[WhiteElo "2613"]
[BlackElo "2663"]
[WhiteTeam "Volga Stormbringers"]
[BlackTeam "Moscow Wizards"]
[WhiteFideId "24125890"]
[BlackFideId "4189302"]
[EventDate "2019.01.08"]

1. g3 c5 2. c4 g6 3. Bg2 Bg7 4. Nc3 Nc6 5. a3 d6 6. e3 Nf6 7. Nge2 Bd7 8. d3 h5
9. h3 a6 10. Rb1 Rb8 11. b4 cxb4 12. axb4 b5 13. cxb5 axb5 14. Nf4 Qc8 15. Bd2
Ne5 16. Qe2 e6 17. d4 Nc4 18. O-O e5 19. Nfd5 Nxd5 20. Bxd5 O-O 21. dxe5 Nxd2
22. Qxd2 Bxe5 23. Rfc1 Bxh3 24. Nxb5 Qg4 25. Rc4 Qf5 26. Be4 Qe6 27. Bd5 Qf5 28.
Be4 Qg5 29. Nd4 Bxg3 30. fxg3 Qxg3+ 31. Kh1 Bg4 32. Bg2 Rbe8 33. Re1 Bh3 34.
Bxh3 Qxh3+ 35. Qh2 Qg4 36. Rc2 Qe4+ 37. Rg2 Re5 38. Qg3 Qd5 39. Qf3 Re4 40. Rf1
Kh7 41. Kg1 f5 42. Qh3 f4 43. Nf3 Rf5 44. exf4 Rexf4 45. Rgf2 Rg4+ 46. Kh1 Kh6
47. Rg2 Rgf4 48. Rgf2 g5 49. Qg2 Rg4 0-1

[Event "PRO League Group Stage"]
[Site "chess.com INT"]
[Date "2019.03.14"]
[Round "10"]
[White "Tsydypov, Zhamsaran"]
[Black "Frolyanov, Dmitry"]
[Result "0-1"]
[WhiteTitle "IM"]
[BlackTitle "GM"]
[WhiteElo "2545"]
[BlackElo "2517"]
[WhiteTeam "Moscow Wizards"]
[BlackTeam "Volga Stormbringers"]
[WhiteFideId "4108566"]
[BlackFideId "4151976"]
[EventDate "2019.01.08"]

1. e4 e5 2. Nf3 Nf6 3. Nxe5 d6 4. Nf3 Nxe4 5. d4 d5 6. Bd3 Bd6 7. O-O O-O 8. c4
c6 9. Qc2 Na6 10. a3 f5 11. Nc3 Nc7 12. b4 Bd7 13. Rb1 Ne6 14. cxd5 cxd5 15.
Nxd5 Rc8 16. Qb3 Kh8 17. b5 Be8 18. Be3 Bh5 19. Bxe4 fxe4 20. Ne5 Nc5 21. dxc5
Bxe5 22. h3 Qe8 23. b6 Bf3 24. Bg5 Qh5 25. Be7 Bxg2 26. Bxf8 Bf3 0-1

[Event "PRO League Group Stage"]
[Site "chess.com INT"]
[Date "2019.03.14"]
[Round "10"]
[White "Bazeev, German"]
[Black "Anisimov, Pavel2"]
[Result "0-1"]
[BlackTitle "IM"]
[WhiteElo "2423"]
[BlackElo "2527"]
[WhiteTeam "Volga Stormbringers"]
[BlackTeam "Moscow Wizards"]
[WhiteFideId "24119350"]
[BlackFideId "4135229"]
[EventDate "2019.01.08"]

1. d4 d5 2. c4 dxc4 3. Nf3 a6 4. a4 Nf6 5. g3 e6 6. Bg2 c5 7. O-O Nc6 8. Ne5
Nxd4 9. e3 Nb3 10. Qxd8+ Kxd8 11. Ra3 Kc7 12. Nxc4 Nxc1 13. Rxc1 Bd7 14. a5 Be7
15. Rb3 Rab8 16. Nb6 Bc6 17. Na3 Nd5 18. e4 Nb4 19. Nac4 Rbd8 20. Ne5 Rhf8 21.
Nbc4 Bb5 22. Na3 Nc6 23. Rxb5 Nxe5 24. Rb3 Rd3 25. Rxd3 Nxd3 26. Rc2 Bf6 27. Nc4
Bd4 28. Kf1 Nb4 29. Rd2 e5 30. f4 f6 31. Ke2 Kc6 32. b3 Kb5 33. Kf3 Nc6 34. Bf1
Kb4 35. Nb6 Bc3 36. Rd7 Nxa5 37. Rxg7 Kxb3 38. Rxh7 Bd4 39. h4 c4 40. Nxc4 Nxc4
41. Rxb7+ Nb6 42. Bxa6 exf4 43. gxf4 Rh8 44. Kg4 Kc3 45. h5 Kd2 46. Re7 Ke3 47.
Bb5 Rh6 48. Be8 Nc4 49. Bg6 Rh8 50. Kf5 Kf3 51. Ke6 Kxf4 52. Kf7 Kg5 53. Kg7 Rd8
54. Kh7 f5 55. Be8 f4 0-1

[Event "PRO League Group Stage"]
[Site "chess.com INT"]
[Date "2019.03.14"]
[Round "10"]
[White "Skvortsov, Andrei"]
[Black "Skatchkov, Valery"]
[Result "1-0"]
[BlackTitle "FM"]
[WhiteElo "2128"]
[BlackElo "2279"]
[WhiteTeam "Moscow Wizards"]
[BlackTeam "Volga Stormbringers"]
[WhiteFideId "24108600"]
[BlackFideId "24195812"]
[EventDate "2019.01.08"]

1. e4 e5 2. Nf3 d5 3. exd5 e4 4. Qe2 Nf6 5. d3 Qxd5 6. dxe4 Qxe4 7. Nbd2 Qxe2+
8. Bxe2 Bf5 9. c3 Bc5 10. Nc4 O-O 11. Be3 Bxe3 12. Nxe3 Be4 13. O-O-O Nc6 14.
Rhe1 Rad8 15. Nd2 Bg6 16. Nb3 Ne5 17. Rd4 Rxd4 18. Nxd4 Ne4 19. f4 c5 20. Nb5 a6
21. Na3 Re8 22. fxe5 Rxe5 23. Ng4 Rd5 24. Bf3 f5 25. Ne3 Re5 26. Nac4 Re6 27.
Nd2 Nf6 28. Nc2 Rb6 29. Nc4 Rb5 30. N2a3 1-0

[Event "PRO League Group Stage"]
[Site "chess.com INT"]
[Date "2019.03.14"]
[Round "10"]
[White "Andriasian, Zaven"]
[Black "Pantsulaia, Levan"]
[Result "0-1"]
[WhiteTitle "GM"]
[BlackTitle "GM"]
[WhiteElo "2604"]
[BlackElo "2597"]
[WhiteTeam "Armenia Eagles"]
[BlackTeam "Tbilisi Gentlemen"]
[WhiteFideId "13302000"]
[BlackFideId "13602071"]
[EventDate "2019.01.08"]

1. e4 c5 2. Nc3 e6 3. Nf3 a6 4. d4 cxd4 5. Nxd4 b5 6. Bd3 Qb6 7. Nf3 Qc7 8. O-O
Bb7 9. Re1 Be7 10. e5 f5 11. Nd4 g6 12. a4 b4 13. Nce2 Nc6 14. Nxc6 Bxc6 15. Nd4
Bd5 16. Bf1 h5 17. Ne2 g5 18. Nd4 Nh6 19. c3 bxc3 20. bxc3 Qxc3 21. Rb1 h4 22.
Bb2 Qa5 23. Rc1 Bb4 24. Re2 Nf7 25. Rec2 g4 26. Nxf5 exf5 27. e6 dxe6 28. Bxh8
Nxh8 29. Rc8+ Kf7 30. Rxa8 Bxa8 31. Qd7+ Be7 32. Rc8 Ng6 33. Rxa8 g3 34. hxg3
hxg3 35. fxg3 Qc5+ 36. Kh2 Kf6 37. Qd2 Bd6 38. Rxa6 Bc7 39. Qb2+ Ne5 40. Be2 Qe3
41. Bc4 Kg5 42. Kh3 Ng4 43. Qg7+ Kh5 44. Qh7+ Nh6 45. Qg7 Qe1 46. Be2+ Qxe2 47.
Qxc7 Qe1 48. g4+ fxg4+ 49. Kh2 g3+ 50. Kh3 Nf5 51. Qh7+ Kg5 52. Qg8+ Kf4 53.
Qb8+ e5 54. Qb4+ Qxb4 0-1

[Event "PRO League Group Stage"]
[Site "chess.com INT"]
[Date "2019.03.14"]
[Round "10"]
[White "Paichadze, Luka"]
[Black "Martirosyan, Haik M."]
[Result "1-0"]
[WhiteTitle "GM"]
[BlackTitle "GM"]
[WhiteElo "2583"]
[BlackElo "2607"]
[WhiteTeam "Tbilisi Gentlemen"]
[BlackTeam "Armenia Eagles"]
[WhiteFideId "13602934"]
[BlackFideId "13306553"]
[EventDate "2019.01.08"]

1. e4 e6 2. b3 d5 3. Bb2 Nf6 4. e5 Nfd7 5. f4 c5 6. Qg4 Nc6 7. Nf3 Nb4 8. Na3 h5
9. Qg3 a6 10. Ng5 Be7 11. Be2 Nf8 12. O-O Bd7 13. c3 Nc6 14. c4 d4 15. h4 Qc7
16. Nc2 f6 17. Nf3 O-O-O 18. Bd3 Rg8 19. b4 Nxb4 20. Nxb4 cxb4 21. Nxd4 g5 22.
Nb3 f5 23. hxg5 Ng6 24. Qe3 Ba4 25. Be2 h4 26. Kh2 Nxf4 27. Rxf4 Bxg5 28. d4 Qg7
29. Bf3 Bc6 30. d5 exd5 31. cxd5 Bxf4+ 32. Qxf4 Qg3+ 33. Qxg3 hxg3+ 34. Kg1 Bxd5
35. Nd4 Bxf3 36. Nxf3 Rd7 37. e6 Re7 38. Rc1+ Kb8 39. Be5+ Ka8 40. Nd4 Rh7 41.
Nxf5 Rh5 42. Rf1 Re8 43. Bxg3 Rg5 44. e7 Rxg3 45. Nxg3 Rxe7 46. Nf5 Re2 47. Rf2
Re1+ 48. Kh2 a5 49. g4 Ka7 50. g5 Re6 51. Rg2 Rg6 52. Nh4 Rg8 53. g6 Ka6 54. g7
a4 55. Nf5 Ka5 56. Ne7 Rxg7 57. Rxg7 b3 58. a3 Kb5 59. Rg4 b6 60. Rb4+ Kc5 61.
Rxa4 b2 62. Rb4 b1=Q 63. Rxb1 b5 64. Nf5 1-0

[Event "PRO League Group Stage"]
[Site "chess.com INT"]
[Date "2019.03.14"]
[Round "10"]
[White "Sargsyan, Shant"]
[Black "Quparadze, Giga"]
[Result "1-0"]
[WhiteTitle "IM"]
[BlackTitle "GM"]
[WhiteElo "2486"]
[BlackElo "2493"]
[WhiteTeam "Armenia Eagles"]
[BlackTeam "Tbilisi Gentlemen"]
[WhiteFideId "13306766"]
[BlackFideId "13602250"]
[EventDate "2019.01.08"]

1. d4 Nf6 2. c4 e6 3. Nf3 b6 4. g3 Bb4+ 5. Bd2 Be7 6. Bg2 c6 7. O-O d5 8. Nc3
O-O 9. Qc2 Nbd7 10. b3 Ba6 11. Rfd1 Rc8 12. e4 c5 13. exd5 exd5 14. Bf4 dxc4 15.
d5 Re8 16. Nd2 Nh5 17. Be3 Bd6 18. Nxc4 Bxc4 19. bxc4 Ne5 20. Nb5 Qd7 21. Qa4
Ra8 22. Qb3 Nf6 23. Re1 Ng6 24. a4 Ng4 25. a5 Nxe3 26. Rxe3 Rxe3 27. Qxe3 Re8
28. Qd2 Be5 29. Rb1 Bd6 30. axb6 axb6 31. Ra1 h6 32. h4 Ne5 33. Ra7 Qd8 34. Qe2
Kf8 35. Qe4 g6 36. h5 Qf6 37. hxg6 Nxg6 38. Qf3 Re1+ 39. Kh2 Qh4+ 40. Bh3 Ne5
41. Qf5 Bb8 42. Rb7 Qd8 43. Qh7 Ng4+ 44. Kg2 Ne3+ 45. fxe3 Re2+ 46. Kf3 Rxe3+
47. Kxe3 Qg5+ 48. Ke2 Qe5+ 49. Kf1 Qa1+ 50. Kg2 Qb2+ 51. Kg1 Qc1+ 52. Kh2 Qd2+
53. Bg2 Bxg3+ 54. Kh3 Bc7 55. Qh8+ 1-0

[Event "PRO League Group Stage"]
[Site "chess.com INT"]
[Date "2019.03.14"]
[Round "10"]
[White "Volkov, Nika"]
[Black "Manukian, Artak"]
[Result "1-0"]
[WhiteElo "2153"]
[BlackElo "2196"]
[WhiteTeam "Tbilisi Gentlemen"]
[BlackTeam "Armenia Eagles"]
[WhiteFideId "13604376"]
[BlackFideId "13301373"]
[EventDate "2019.01.08"]

1. d4 Nf6 2. c4 d6 3. Nf3 g6 4. Nc3 Bg7 5. e3 O-O 6. Be2 c5 7. O-O b6 8. b3 Bb7
9. Bb2 Nbd7 10. Qd2 Ne4 11. Nxe4 Bxe4 12. Rad1 Qc7 13. Ng5 Bb7 14. d5 h6 15.
Bxg7 Kxg7 16. Qb2+ Nf6 17. Ne4 Bc8 18. g4 Qd8 19. f4 Kg8 20. Nf2 Re8 21. e4 e5
22. dxe6 Bxe6 23. e5 Nd7 24. Rxd6 Qh4 25. Qc3 Rad8 26. Qf3 Nf8 27. Ne4 Kh8 28.
f5 Bc8 29. Rxd8 Rxd8 30. Nd6 Qe7 31. fxg6 Be6 32. gxf7 Ng6 33. Bd3 Nxe5 34.
f8=Q+ Rxf8 35. Qxf8+ Qxf8 36. Rxf8+ Kg7 37. Re8 1-0

[Event "PRO League Group Stage"]
[Site "chess.com INT"]
[Date "2019.03.14"]
[Round "10"]
[White "Ponkratov, Pavel"]
[Black "Vaibhav, Suri"]
[Result "1-0"]
[WhiteTitle "GM"]
[BlackTitle "GM"]
[WhiteElo "2630"]
[BlackElo "2590"]
[WhiteTeam "Moscow Phoenix"]
[BlackTeam "Delhi Dynamite"]
[WhiteFideId "4157800"]
[BlackFideId "5045185"]
[EventDate "2019.01.08"]

1. Na3 e6 2. Nf3 Nf6 3. c4 b6 4. d3 Bb7 5. e4 d5 6. cxd5 exd5 7. e5 Nfd7 8. d4
c5 9. Bg5 Be7 10. h4 h6 11. Bxe7 Qxe7 12. Nb5 O-O 13. Nd6 cxd4 14. Nf5 Qb4+ 15.
Qd2 Nc6 16. Qxb4 Nxb4 17. Kd2 Nc5 18. N3xd4 Rfe8 19. a3 Nc6 20. f4 Nxd4 21. Nxd4
f6 22. Bb5 fxe5 23. Bxe8 exd4 24. Bg6 Nb3+ 25. Kc2 Nxa1+ 26. Rxa1 Ba6 27. Re1
Kf8 28. Re5 Rc8+ 29. Kd2 d3 30. Bxd3 Bxd3 31. Kxd3 Rc1 32. Rxd5 Rg1 33. b4 Rxg2
34. Ke4 Ke7 35. Re5+ Kf7 36. Rd5 Ke7 37. h5 Rg3 38. a4 Rb3 39. Rd4 Ra3 40. b5
Ke6 41. Rc4 Kd6 42. Kf5 Kd5 43. Re4 Ra2 44. Re5+ Kc4 45. Kg6 Rg2+ 46. Kh7 Kb4
47. Re7 Kxa4 48. Rxg7 Rf2 49. Rxa7+ Kxb5 50. Rf7 Kc4 51. Kxh6 b5 52. Kg5 Rg2+
53. Kf6 Rh2 54. Rh7 b4 55. h6 b3 56. Rc7+ Kd5 57. h7 b2 58. Rb7 Rxh7 59. Rxb2
Kd6 60. Rd2+ Kc7 61. f5 1-0

[Event "PRO League Group Stage"]
[Site "chess.com INT"]
[Date "2019.03.14"]
[Round "10"]
[White "Nihal, Sarin"]
[Black "Kryakvin, Dmitry"]
[Result "1/2-1/2"]
[WhiteTitle "GM"]
[BlackTitle "GM"]
[WhiteElo "2578"]
[BlackElo "2588"]
[WhiteTeam "Delhi Dynamite"]
[BlackTeam "Moscow Phoenix"]
[WhiteFideId "25092340"]
[BlackFideId "4153278"]
[EventDate "2019.01.08"]

1. Nf3 d5 2. e3 Nf6 3. c4 e6 4. b3 Be7 5. Bb2 O-O 6. Nc3 Nbd7 7. d4 b6 8. cxd5
exd5 9. Rc1 a6 10. g3 Bb7 11. Bg2 Bd6 12. O-O Re8 13. Ne1 Qe7 14. Nd3 Rad8 15.
Qc2 h5 16. Nf4 Bxf4 17. exf4 c5 18. Rcd1 Rc8 19. dxc5 Qxc5 20. Qd2 Rcd8 21. Qd4
Qxd4 22. Rxd4 Nc5 23. Rfd1 Re7 24. f5 Rde8 25. f3 a5 26. h3 Ba6 27. g4 Re1+ 28.
Rxe1 Rxe1+ 29. Kf2 Re5 30. Bf1 Bxf1 31. Kxf1 hxg4 32. hxg4 Re3 33. Kf2 Rd3 34.
Nb5 Nfd7 35. Ke2 Ne5 36. Rxd3 Nexd3 37. Ba3 Ne5 38. Ke3 Nc6 39. Nd4 Ne5 40. Nb5
Nc6 41. Nd4 Ne5 42. Nb5 1/2-1/2

[Event "PRO League Group Stage"]
[Site "chess.com INT"]
[Date "2019.03.14"]
[Round "10"]
[White "Demidov, Mikhail"]
[Black "Hemant, Sharma2"]
[Result "1/2-1/2"]
[WhiteTitle "IM"]
[BlackTitle "IM"]
[WhiteElo "2520"]
[BlackElo "2377"]
[WhiteTeam "Moscow Phoenix"]
[BlackTeam "Delhi Dynamite"]
[WhiteFideId "4197143"]
[BlackFideId "5025842"]
[EventDate "2019.01.08"]

1. d4 d5 2. Nf3 Nf6 3. Bf4 e6 4. e3 Bd6 5. Bg3 O-O 6. Bd3 c5 7. dxc5 Bxc5 8. O-O
Nc6 9. c4 dxc4 10. Bxc4 Qxd1 11. Rxd1 b6 12. Nc3 Bb7 13. a3 Rfd8 14. Nb5 Ne8 15.
Rdc1 Be7 16. Nc7 Nxc7 17. Bxc7 Rdc8 18. Bg3 Na5 19. Ba2 Bxf3 20. gxf3 Bf6 21.
Rxc8+ Rxc8 22. Rb1 Rc2 23. b4 Rxa2 24. bxa5 Rxa3 25. axb6 axb6 26. Rxb6 h5 27.
h3 Kh7 28. Kg2 Kg6 29. Rb4 Ra2 30. Rc4 Rb2 31. Bh4 Ra2 32. Bxf6 Kxf6 33. Rb4 Ra3
34. Kg3 Ra2 35. f4 g6 36. Rb5 Ra3 37. Kf3 Kg7 38. Rc5 Kf6 39. Rb5 Kg7 40. Rb6
Kf6 41. Kg3 Kg7 42. Kg2 Kf6 43. Rc6 Kg7 44. Rc5 Kf6 45. Kg3 Kg7 46. Kf3 Kf6 47.
Kg3 Kg7 48. Kf3 Kf6 49. Kg3 Kg7 50. Kf3 Kf6 1/2-1/2

[Event "PRO League Group Stage"]
[Site "chess.com INT"]
[Date "2019.03.14"]
[Round "10"]
[White "Manu, David Suthandram R"]
[Black "Kuznetsov, Mikhail V."]
[Result "0-1"]
[BlackTitle "FM"]
[WhiteElo "2252"]
[BlackElo "2292"]
[WhiteTeam "Delhi Dynamite"]
[BlackTeam "Moscow Phoenix"]
[WhiteFideId "35019562"]
[BlackFideId "4194900"]
[EventDate "2019.01.08"]

1. e4 c6 2. Nf3 d5 3. Nc3 a6 4. d4 Bg4 5. Be2 e6 6. O-O Nf6 7. Ne5 Bxe2 8. Qxe2
Bb4 9. exd5 cxd5 10. Bg5 Nc6 11. Bxf6 gxf6 12. Nxc6 bxc6 13. Na4 f5 14. c3 Bd6
15. Qh5 Qf6 16. Rae1 Rg8 17. b3 Rg4 18. h3 Rg5 19. Qf3 Ke7 20. Kh1 Rag8 21. Rg1
Qh6 22. c4 Rh5 23. Rgf1 Rh4 24. cxd5 cxd5 25. Qxf5 Rg5 26. Qd3 Rgh5 27. Re3 Qf4
28. Rg3 Rg5 29. Nc3 Rxg3 30. fxg3 Qxg3 31. Qxg3 Bxg3 32. Ne2 Bd6 33. Kg1 f6 34.
Kf2 e5 35. Rd1 Ke6 36. Kf3 e4+ 37. Ke3 f5 38. Rf1 Rh6 39. Rc1 Rg6 40. Rg1 h5 41.
Nf4+ Bxf4+ 42. Kxf4 h4 43. g4 hxg3 44. Rxg3 Rh6 45. Kg5 Rh8 46. Kf4 Kf6 47. Rc3
Rh4+ 48. Kg3 Kg5 49. Rc8 f4+ 50. Kg2 Rh7 51. Rd8 Kh4 52. Rxd5 Rg7+ 53. Kf2 Kxh3
54. Re5 Rg2+ 55. Kf1 Rxa2 56. Rxe4 Kg3 57. Ke1 f3 58. Kf1 Ra1+ 0-1

[Event "PRO League Group Stage"]
[Site "chess.com INT"]
[Date "2019.03.14"]
[Round "10"]
[White "Sjugirov, Sanan"]
[Black "Meshkovs, Nikita"]
[Result "0-1"]
[WhiteTitle "GM"]
[BlackTitle "GM"]
[WhiteElo "2663"]
[BlackElo "2557"]
[WhiteTeam "Moscow Wizards"]
[BlackTeam "Estonia Horses"]
[WhiteFideId "4189302"]
[BlackFideId "11602740"]
[EventDate "2019.01.08"]

1. d4 Nf6 2. c4 e6 3. Nf3 b6 4. g3 Ba6 5. b3 Bb4+ 6. Bd2 Be7 7. Bg2 d5 8. cxd5
exd5 9. O-O O-O 10. Nc3 Re8 11. Ne5 Bb7 12. Bc1 Na6 13. Bb2 c6 14. Re1 Nc7 15.
Rc1 Ne6 16. e3 Rc8 17. a3 c5 18. dxc5 bxc5 19. Rc2 Qa5 20. Ree2 Qb6 21. Nxd5
Qxb3 22. Nxe7+ Rxe7 23. Rcd2 c4 24. Qxb3 cxb3 25. Bxb7 Rxb7 26. f3 Nc5 27. Rd4
Ne6 28. Rd3 a5 29. Kf2 Nc5 30. Rd4 Ne6 31. Ra4 Rc5 32. e4 h5 33. Nd3 Rcb5 34.
Rc4 Nd7 35. f4 Nb6 36. Rc1 Na4 37. Ke3 Nec5 38. Nxc5 Rxc5 39. Rxc5 Nxc5 40. Kd4
Na4 41. Kc4 Nxb2+ 42. Rxb2 a4 43. h4 Kf8 44. Kc5 Ke7 45. Kc4 Ke6 46. Kc5 Rd7 47.
Kb5 Rd4 48. Re2 Kd6 49. e5+ Kd5 50. Rb2 f6 51. exf6 gxf6 52. Re2 Kd6 53. Rb2 Re4
54. Rd2+ Ke6 55. Kc5 Kf5 56. Kd5 Re8 57. Kc5 Rb8 58. Rb2 Kg4 59. Kd6 Kxg3 60. f5
Kf4 61. Rf2+ Ke3 62. Rb2 Kd3 63. Ke6 Rb6+ 64. Kf7 Kc3 0-1

[Event "PRO League Group Stage"]
[Site "chess.com INT"]
[Date "2019.03.14"]
[Round "10"]
[White "Ehlvest, Jaan"]
[Black "Tsydypov, Zhamsaran"]
[Result "0-1"]
[WhiteTitle "GM"]
[BlackTitle "IM"]
[WhiteElo "2521"]
[BlackElo "2545"]
[WhiteTeam "Estonia Horses"]
[BlackTeam "Moscow Wizards"]
[WhiteFideId "4500016"]
[BlackFideId "4108566"]
[EventDate "2019.01.08"]

1. e4 c5 2. Nf3 d6 3. d4 cxd4 4. Nxd4 Nf6 5. Nc3 a6 6. Be3 e5 7. Nb3 Be6 8. Qd2
Be7 9. h3 O-O 10. f4 exf4 11. Bxf4 Nc6 12. O-O-O a5 13. Bxd6 a4 14. Nc5 a3 15.
Nxe6 axb2+ 16. Kb1 fxe6 17. Bc4 Qc8 18. Bxe7 Nxe7 19. Bb3 Kh8 20. g4 Qc5 21. g5
Nh5 22. Rhf1 Rfc8 23. Rf3 Nc6 24. Bxe6 Rd8 25. Bd5 Qa5 26. Rdf1 Ne5 27. Qf2 Nxf3
28. Qxf3 Rdc8 29. Ne2 Qc5 30. c3 Rf8 31. Bf7 Qxg5 0-1

[Event "PRO League Group Stage"]
[Site "chess.com INT"]
[Date "2019.03.14"]
[Round "10"]
[White "Anisimov, Pavel2"]
[Black "Yakubboev, Nodirbek"]
[Result "1/2-1/2"]
[WhiteTitle "IM"]
[BlackTitle "IM"]
[WhiteElo "2527"]
[BlackElo "2569"]
[WhiteTeam "Moscow Wizards"]
[BlackTeam "Estonia Horses"]
[WhiteFideId "4135229"]
[BlackFideId "14203987"]
[EventDate "2019.01.08"]

1. e4 e6 2. d4 d5 3. Nd2 c5 4. Ngf3 Nf6 5. exd5 exd5 6. Bb5+ Bd7 7. Bxd7+ Nbxd7
8. O-O Be7 9. dxc5 Nxc5 10. Nb3 Nce4 11. Nfd4 O-O 12. Nf5 Re8 13. Nxe7+ Qxe7 14.
Be3 Nd6 15. h3 b6 16. Bd4 Nfe4 17. Qg4 f5 18. Qf3 Rac8 19. Rac1 Qf7 20. Rfe1 f4
21. a4 Rc4 22. a5 bxa5 23. c3 Nb5 24. Qd3 f3 25. gxf3 Nxd4 26. Nxd4 Qg6+ 27. Kh2
Qd6+ 28. Kg2 Qg6+ 29. Kh2 Qd6+ 30. Kg2 Qg6+ 1/2-1/2

[Event "PRO League Group Stage"]
[Site "chess.com INT"]
[Date "2019.03.14"]
[Round "10"]
[White "Chukavin, Kirill"]
[Black "Skvortsov, Andrei"]
[Result "1-0"]
[WhiteTitle "FM"]
[WhiteElo "2307"]
[BlackElo "2128"]
[WhiteTeam "Estonia Horses"]
[BlackTeam "Moscow Wizards"]
[WhiteFideId "4503023"]
[BlackFideId "24108600"]
[EventDate "2019.01.08"]

1. e4 c5 2. Nf3 d6 3. d4 cxd4 4. Nxd4 Nf6 5. Nc3 g6 6. g3 Bg7 7. Bg2 O-O 8. O-O
Nc6 9. Nde2 Bd7 10. h3 Rc8 11. a4 Ne5 12. Nd5 Nc4 13. Ra2 Nxd5 14. exd5 Bf5 15.
b3 Nb6 16. Be3 a6 17. a5 Na8 18. c4 Nc7 19. Bd4 Ne8 20. Bb6 Nc7 21. Re1 h5 22.
Nd4 Bd7 23. Rae2 Re8 24. Qd3 Rb8 25. Kh2 Qc8 26. Rxe7 Rxe7 27. Rxe7 Ne8 28. Re2
Nf6 29. Qf3 Qf8 30. Qf4 Ne8 31. Nf3 Bh6 32. Qd4 Ng7 33. g4 hxg4 34. hxg4 Re8 35.
Rxe8 Qxe8 36. c5 Qb8 37. g5 Bxg5 38. c6 Nf5 39. cxd7 Bd8 40. Qc4 Ne7 41. Bh3 f5
42. Nd4 Kf7 43. Ne6 Bxb6 44. axb6 Nc6 45. dxc6 d5+ 46. c7 Qh8 47. Qxd5 Qb2 48.
Ng5+ Kg7 49. Qd4+ Qxd4 50. Ne6+ 1-0

[Event "PRO League Group Stage"]
[Site "chess.com INT"]
[Date "2019.03.14"]
[Round "10"]
[White "Ghosh, Diptayan"]
[Black "Oparin, Grigoriy"]
[Result "1/2-1/2"]
[WhiteTitle "GM"]
[BlackTitle "GM"]
[WhiteElo "2544"]
[BlackElo "2613"]
[WhiteTeam "Mumbai Movers"]
[BlackTeam "Volga Stormbringers"]
[WhiteFideId "5045207"]
[BlackFideId "24125890"]
[EventDate "2019.01.08"]

1. d4 Nf6 2. c4 e6 3. Nf3 d5 4. g3 Bb4+ 5. Bd2 Be7 6. Bg2 O-O 7. O-O c6 8. Bf4
Nbd7 9. Qc2 Ne4 10. Nc3 g5 11. Bc1 f5 12. Rd1 Rb8 13. a4 b6 14. b3 Bb7 15. Ba3
Bxa3 16. Rxa3 Qe7 17. Raa1 a5 18. Rac1 Rbc8 19. e3 Ba6 20. Qb2 h6 21. Rc2 Nd6
22. cxd5 cxd5 23. Bf1 Bxf1 24. Rxf1 Rf7 25. Ne2 Rcf8 26. Qa3 Ne4 27. Qxe7 Rxe7
28. Rfc1 Kf7 29. Rc7 Rb8 30. Ra7 g4 31. Ne1 b5 32. Nd3 bxa4 33. bxa4 Nd2 34.
Rcc7 Ke8 35. Kg2 Nf3 36. Nc5 Rb1 37. Rxd7 Ne1+ 38. Kf1 Rxd7 39. Nxd7 Nf3+ 40.
Kg2 Ne1+ 41. Kf1 Nf3+ 42. Kg2 Ne1+ 1/2-1/2

[Event "PRO League Group Stage"]
[Site "chess.com INT"]
[Date "2019.03.14"]
[Round "10"]
[White "Frolyanov, Dmitry"]
[Black "Puranik, Abhimanyu"]
[Result "1-0"]
[WhiteTitle "GM"]
[BlackTitle "GM"]
[WhiteElo "2517"]
[BlackElo "2536"]
[WhiteTeam "Volga Stormbringers"]
[BlackTeam "Mumbai Movers"]
[WhiteFideId "4151976"]
[BlackFideId "5061245"]
[EventDate "2019.01.08"]

1. Nf3 Nf6 2. g3 g6 3. Bg2 Bg7 4. O-O O-O 5. d4 d5 6. c3 c6 7. Bg5 Ne4 8. Bf4
Bf5 9. Nbd2 Nd7 10. Nh4 Nxd2 11. Qxd2 Be6 12. e4 dxe4 13. Bxe4 Bd5 14. Rfe1 e6
15. Ng2 Bxe4 16. Rxe4 c5 17. Bh6 Nf6 18. Rh4 cxd4 19. Bxg7 Kxg7 20. Rd1 h5 21.
Rxd4 Qa5 22. a3 e5 23. Rd6 Rfe8 24. Qg5 Ng8 25. Nf4 Kh8 26. Rxg6 1-0

[Event "PRO League Group Stage"]
[Site "chess.com INT"]
[Date "2019.03.14"]
[Round "10"]
[White "Sadhwani, Raunak"]
[Black "Bazeev, German"]
[Result "1-0"]
[WhiteTitle "IM"]
[WhiteElo "2451"]
[BlackElo "2423"]
[WhiteTeam "Mumbai Movers"]
[BlackTeam "Volga Stormbringers"]
[WhiteFideId "35093487"]
[BlackFideId "24119350"]
[EventDate "2019.01.08"]

1. e4 g6 2. d4 Bg7 3. Nc3 d6 4. f4 a6 5. Nf3 b5 6. Bd3 Nd7 7. e5 c5 8. Be4 Rb8
9. Be3 c4 10. O-O Nb6 11. d5 Nh6 12. Nd4 Bb7 13. Nc6 Bxc6 14. dxc6 O-O 15. Kh1
b4 16. Bxb6 Rxb6 17. Nd5 Rxc6 18. Nxe7+ Qxe7 19. Bxc6 dxe5 20. fxe5 Qxe5 21. Qd5
Nf5 22. Qxe5 Bxe5 23. Rae1 Bxb2 24. Bd5 Bc3 25. Re2 h5 26. Bxc4 a5 27. Bd3 Nd4
28. Re7 Nc6 29. Rc7 Ne5 30. Bb5 h4 31. Ba4 Kh8 32. Rf4 Rd8 33. Rxh4+ Kg7 34. g3
Rd1+ 35. Kg2 Rd2+ 36. Kh3 g5 37. Re4 g4+ 38. Rxg4+ Nxg4 39. Kxg4 Rxh2 40. Rc5
Rh6 41. Bb3 Rg6+ 42. Kf3 Rf6+ 43. Ke4 Ra6 44. Rc7 Rf6 45. Ra7 Kg6 46. Rxa5 Rf2
47. Rc5 Re2+ 48. Kf3 Re5 49. Rc6+ f6 50. a4 Bd4 51. Rc4 Re3+ 52. Kf4 Ba7 53.
Rxb4 Re7 54. Bc4 Re5 55. Bd3+ Kh6 56. Rb5 Re7 57. a5 Be3+ 58. Kg4 Ra7 59. Rh5+ 1-0

[Event "PRO League Group Stage"]
[Site "chess.com INT"]
[Date "2019.03.14"]
[Round "10"]
[White "Skatchkov, Valery"]
[Black "Raja, Harshit"]
[Result "0-1"]
[WhiteTitle "FM"]
[BlackTitle "IM"]
[WhiteElo "2279"]
[BlackElo "2432"]
[WhiteTeam "Volga Stormbringers"]
[BlackTeam "Mumbai Movers"]
[WhiteFideId "24195812"]
[BlackFideId "5089000"]
[EventDate "2019.01.08"]

1. d4 d5 2. c4 c6 3. Nf3 Nf6 4. Nc3 e6 5. cxd5 exd5 6. Bg5 h6 7. Bh4 Be7 8. Qc2
O-O 9. e3 Be6 10. Bd3 c5 11. dxc5 Nbd7 12. O-O Nxc5 13. Bf5 Rc8 14. Rad1 Qb6 15.
Bxe6 fxe6 16. Qg6 Qxb2 17. Nb1 Qxa2 18. Bg3 Qa4 19. Bf4 Qe4 20. Nh4 Rf7 21. Qg3
Nh5 22. Qg4 Nxf4 23. Rd4 h5 24. Qd1 Qh7 0-1